Timber utilisation contract between the Government of Ghana and Boison construction limited in Tano Suraw forest reserve (Record no. 5596)

MARC details
000 -LEADER
fixed length control field 00597nam a22001697a 4500
003 - CONTROL NUMBER IDENTIFIER
control field OSt
005 - DATE AND TIME OF LATEST TRANSACTION
control field 20250730175844.0
008 - FIXED-LENGTH DATA ELEMENTS--GENERAL INFORMATION
fixed length control field 250730b |||||||| |||| 00| 0 eng d
041 ## - LANGUAGE CODE
Language code of text/sound track or separate title English
082 ## - DEWEY DECIMAL CLASSIFICATION NUMBER
Classification number MLNR/TSFR/23 Acc No. 11,639
110 ## - MAIN ENTRY--CORPORATE NAME
Corporate name or jurisdiction name as entry element Ministry of Lands and Natural Resources
245 ## - TITLE STATEMENT
Title Timber utilisation contract between the Government of Ghana and Boison construction limited in Tano Suraw forest reserve
260 ## - PUBLICATION, DISTRIBUTION, ETC.
Place of publication, distribution, etc. Accra:
Name of publisher, distributor, etc. Forestry Commission,
Date of publication, distribution, etc. 2023.
300 ## - PHYSICAL DESCRIPTION
Extent 20p.,
653 ## - INDEX TERM--UNCONTROLLED
Uncontrolled term 1. Boison construction limited 2. Tano Suraw forest reserve
942 ## - ADDED ENTRY ELEMENTS (KOHA)
Source of classification or shelving scheme Dewey Decimal Classification
Koha item type Agreements
Suppress in OPAC No
Holdings
Withdrawn status Lost status Source of classification or shelving scheme Damaged status Not for loan Home library Current library Shelving location Date acquired Total checkouts Full call number Date last seen Copy number Price effective from Koha item type
    Dewey Decimal Classification     Main Library Main Library Open Shelves 30/07/2025   MLNR/TSFR/23 Acc No. 11,639 30/07/2025 C1 30/07/2025 Agreements
    Dewey Decimal Classification     Main Library Main Library Open Shelves 30/07/2025   MLNR/TSFR/23 Acc No. 11,640 30/07/2025 C2 30/07/2025 Agreements
©2026  Parliament of Ghana Library - All rights reserved